| 000 | 00476nam a2200181Ia 4500 | ||
|---|---|---|---|
| 005 | 20250923144456.0 | ||
| 008 | 008 250917s9999 xx 000 0 eng d | ||
| 037 | _aTextual | ||
| 040 |
_aDSWL _beng _cDSWL |
||
| 041 |
_aeng _2eng |
||
| 084 | _qDSWL | ||
| 100 |
_aFrazer, Sir James _9825264 |
||
| 245 | 0 |
_aGolden Bough _cby Sir James Frazer |
|
| 260 |
_b Macmillan Company USA _c1951 |
||
| 300 | _axvi,864p. | ||
| 942 | _cTEXL | ||
| 999 |
_c1439365 _d1439365 |
||